000 00258nam a2200085Ia 4500
245 0 _aOut of control : the science of wildfires
100 _a Sirota, Lyn A., Minneapolis, Minn., 2009
_9100848
942 _cBK
008 210818s9999 xx 000 0 und d
999 _c434402
_d434400